000 00796 a2200229 4500
003 Nust
005 20170207154031.0
020 _a0-07-144881-0 (hft.) :
035 _a(Uk)013006797
040 _cNust
082 0 4 _a621.3815
100 1 _aCutcher, Dave
245 1 0 _aElectronic circuits for the evil genius (E-Book)
_cDave Cutcher
260 _aNew York :
_bMcGraw-Hill,
_ccop. 2005
300 _a225 s. :
_bill. ;
_c28 cm
440 0 _aEvil genius series
505 _aPart.1 Components (page-1) Par t. ii Introducing Digital Electronics (Page-47) Part.iii Counting Systems in Electronics (Page-125) Part. iv Amplifier Introduced and Applied (Page-173)
650 0 _aElectronic circuits
650 0 _aElectronic circuits
_xExperiments
650 0 _aElektroniska kretsar
651 _a(E-Book)
942 _2ddc
_cBK
999 _c192139
_d192139